LIBRARY & INFORMATION CENTRE, KCAET, TAVANUR

ONLINE PUBLIC ACCESS CATALOGUE (OPAC)

Normal view MARC view
  • Amrutha K

Entry Personal Name

Number of records used in: 1

001 - CONTROL NUMBER

  • control field: 4252

003 - CONTROL NUMBER IDENTIFIER

  • control field: OSt

005 - DATE AND TIME OF LATEST TRANSACTION

  • control field: 20190717141102.0

008 - FIXED-LENGTH DATA ELEMENTS

  • fixed length control field: 190717|| aca||aabn | a|a d

040 ## - CATALOGING SOURCE

  • Original cataloging agency: OSt
  • Transcribing agency: OSt

100 ## - HEADING--PERSONAL NAME

  • Personal name: Amrutha K

670 ## - SOURCE DATA FOUND

  • Source citation: Work cat.: (OSt): Aiswarya Santhosh 4250, Development and evaluation of a dry seeding attachment to a riding type rice transplanter, 2019
free website counter